• 首页
  • 本馆介绍
  • 公告通知
  • 最新文献
  • 馆藏检索
  • 电子资源
  • 读者导购
  • 参考咨询
  • 我的图书馆
  • 登录
  • 详细信息显示
  • 放入我的书架
  • 预约/预借图书
  • 作者相关作品
  • 分类相关作品
  • 丛书相关作品
  • 出版社相关作品

书目信息

  • 表格格式
  • 工作单格式
  • 卡片格式
题名:
侏罗纪:探秘史前巨兽
    
 
作者: 谷峰 编著
分册:  
出版信息: 北京   时事出版社  2016.05
页数: 271页
开本: 26cm
丛书名:
单 册:
中图分类: Q915.864-49
科图分类:
主题词: 古动物学
电子资源:
ISBN: 978-7-80232-976-8
000 00571nam0 2200193 450
001 943
005 20160909103133.67
010    @a978-7-80232-976-8@b平装@dCNY32.00
100    @a20160725d2016 km y0chiy0120 ea
101 0  @achi
102    @aCN@b110000
200 1  @a侏罗纪:探秘史前巨兽@Azhu luo ji:tan mi shi qian ju shou@f谷峰编著@Fgu feng bian zhu
210    @a北京@c时事出版社@d2016.05
215    @a271页@d26cm
606 0  @a古动物学
690    @aQ915.864-49@v4
701  0 @a谷峰@Agu feng@4编著
801  0 @aCN@b唐山师范学院图书馆@c20151002
905    @aZUCC@dQ915.864-49@e25
    
    侏罗纪:探秘史前巨兽/谷峰编著.-北京:时事出版社,2016.05
    271页;26cm
    
    
    ISBN 978-7-80232-976-8(平装):CNY32.00
    
●
相关链接 在E读中查询图书 在五车中查询图书 在当当中查询图书 在豆瓣中查询图书


正题名:侏罗纪:探秘史前巨兽     索取号:Q915.864-49/25         预约/预借

序号 登录号 条形码 馆藏地/架位号 状态 备注
1 904025   209040250   第二样本阅览室/ [索取号:Q915.864-49/25] 在馆    
2 904026   209040269   第三借阅区/ [索取号:Q915.864-49/25] 在馆    
3 904027   209040278   第三借阅区/ [索取号:Q915.864-49/25] 在馆    
4 904028   209040287   第三借阅区/ [索取号:Q915.864-49/25] 在馆    
5 904029   209040296   第三借阅区/ [索取号:Q915.864-49/25] 在馆    
唐山师范学院图书馆 欢迎您!
大连网信软件有限公司© 版权所有